000 00498nam a2200205Ia 4500
003 0100
008 130303s9999 xx 000 0 und d
040 _cARRUPELIB
050 _aBT375.2.S35
100 _aScott, Bernard Brandon
245 _aJesus, symbol-maker for the kingdom
260 _aPhiladelphia
260 _bFortress Press
260 _C1981
300 _aviii
300 _b 182p. 22cm.
650 _bPsychology, Religious
700 _aBernard Brandon Scott
942 0 0 _01
999 _c11615
_d11615